000 00725nam a2200193Ii 4500
003 JO-AjNU
008 230605s9999||||xx |||||||||||||| ||und||
040 _aJO-AjNU
_bara
_erda
_cJO-AjNU
041 _aara
050 1 4 _aPN81.H5812 1900
100 3 _aتأليف هو،غراهام ؛ ترجمة محي الدين صبحي,
_eauthor
_938273
245 0 0 _aمقالة في النقد
264 3 1 _aدمشق: المجلس الأعلى لرعاية الفنون والآداب والعلوم الإجتماعية، 1900
300 _a214ص
336 _atext
_btxt
_2rdacontent
337 _aunmediated
_bn
_2rdamedia
338 _avolume
_bnc
_2rdacarrier
650 4 _aالأدب - تاريخ و نقد - مقالات
_938274
999 _aA16066
_c19634
_d19634